000
00257nam a22000977a 4500
999
_c
11572
_d
11572
008
190708b ||||| |||| 00| 0 eng d
020
_a
9780143334941
100
_a
Sarin Amita
_9
7281
245
_a
Akbar and Birbal
260
_a
Haryana
_b
Penguin Random Books
_c
2005